000 00418nam a22001697a 4500
003 NUST - PNEC
005 20170116181057.0
008 151002b xxu||||| |||| 00| 0 eng d
020 _a0749434414
040 _cLIBRARY
082 _a658.3124 BIR
100 _912052
_a Birch, Paul
245 _aInstant coaching
_c Birch, Paul
260 _cc2001
650 _912148
_aMentoring in business
_xMIS
942 _2ddc
_cBK
999 _c68620
_d68620